|
|
|
|
| LEADER |
00891nam a2200205 a 4500 |
| 001 |
1215 |
| 008 |
130711s1981 nyu 100 0 eng d |
| 040 |
|
|
|a BD-DhAAL
|c BD-DhAAL
|
| 082 |
0 |
0 |
|a 325.73
|
| 245 |
0 |
0 |
|a Population and development modelling :
|b Proceedings of the United Nations/UNFPA Expert Group Meeting on Population and Development Modelling Geneva, 24-28 Sept. 1979
|
| 250 |
|
|
|a Conference publication.
|
| 260 |
|
|
|a New York :
|b United Nations,
|c 1981.
|
| 300 |
|
|
|a vi, 129 p. ;
|c 28 cm.
|
| 490 |
1 |
|
|a Population studies., 73.
|
| 541 |
|
|
|e 1215
|
| 650 |
|
0 |
|a Population.
|
| 710 |
2 |
|
|a Expert Group Meeting on Population and Development Modelling (1979, Geneva)
|
| 852 |
1 |
|
|a Ayesha Abed Library
|j General shelf.
|
| 999 |
|
|
|c 13669
|d 13669
|
| 952 |
|
|
|0 0
|1 0
|2 ddc
|4 0
|6 325_730000000000000_POP
|7 0
|9 22901
|a BRACUL
|b BRACUL
|c GEN
|d 2013-07-11
|g 1320.00
|l 0
|o 325.73 POP
|p 3010001215
|r 2013-07-11
|t 1
|w 2013-07-11
|y BK
|